Statistiques concernant les Nations de football par logos

Cliquez ici pour prendre le quiz!

Statistiques générales

  • Ce quiz a été pris 658 fois
  • Le résultat moyen est 43 sur 60

Statistiques - réponses

Réponse% Correct
France
100%
Italie
100%
Allemagne
99%
Belgique
99%
Bresil
99%
Angleterre
98%
Argentine
98%
Espagne
98%
Suède
98%
Maroc
96%
Pays Bas
96%
Qatar
95%
Norvège
92%
Croatie
91%
Etats Unis
91%
Autriche
90%
Japon
90%
Pays de Galles
90%
Sénégal
90%
Cameroun
88%
Colombie
87%
Iran
87%
Turquie
87%
Uruguay
87%
Algérie
86%
Canada
86%
Grèce
86%
Danemark
84%
Tunisie
83%
Finlande
82%
Ghana
82%
Russie
82%
Australie
79%
Ukraine
71%
Ecosse
70%
Cote d'Ivoire
69%
Egypte
66%
Pérou
66%
Irlande
65%
Arabie Saoudite
64%
Chili
60%
Suisse
60%
Macédoine du Nord
57%
Mexique
57%
Chine
53%
Hongrie
49%
Pologne
47%
Costa Rica
46%
Equateur
46%
Corée du Sud
44%
Serbie
38%
République Tchèque
37%
Roumanie
34%
Lituanie
33%
Afrique du Sud
30%
Israel
30%
Islande
29%
Paraguay
24%
Estonie
18%
Nigéria
15%

Distribution des résultats

Percentile par nombre de réponses

% des personnes avec chaque résultat

Votre développement - résultats

Vous n’avez pas pris ce quiz